000
00261nam a22001217a 4500
008
181205b xxu||||| |||| 00| 0 eng d
041
_a
eng
080
_a
721
100
_a
41
101
_a
NDE
245
_a
American Interiors
_c
Schwartz,M.D
942
_2
udc
_c
BK
999
_c
52846
_d
52846